000 00280nam a22001337a 4500
008 170130b xxu||||| |||| 00| 0 eng d
020 _a9780397550555
041 _aeng
080 _22ND
_a61
100 _a3
101 _aSHMI
245 _aECG WORKOUT
_cHUFF, J
942 _2udc
_cBK
999 _c4032
_d4032